000 00311nam a2200133Ia 4500
008 240624s9999 xx 000 0 und d
041 _aeng
082 _a823 FOR
100 _aFORSYTH FREDERICK
245 _aDOGS OF WAR
260 _c2011
_aLondon
_bArrow Books
300 _a438 : p. : cm. ; 18
365 _cRS
999 _c21170
_d21170